| 000 | 00827nam a22002057a 4500 | ||
|---|---|---|---|
| 005 | 20180803165251.0 | ||
| 008 | 140421s2002 ck abd gr|||| 00| 0 spa d | ||
| 041 | _aspa | ||
| 044 | _ack | ||
| 082 |
_a628.92 _bC718p |
||
| 110 | 1 |
_bMinisterio de Ambiente, Vivienda y Desarrollo Territorial _aColombia _982074 |
|
| 245 | 1 | 0 |
_aPlan nacional de prevención _bcontrol de incendios forestales y restauración de áreas afectadas |
| 260 | 3 |
_aBogotá _bMinisterio de Ambiente, Vivienda y Desarrollo Territorial _c2002 |
|
| 300 |
_a71 p. _bil., mapas, tablas _c28 cm |
||
| 504 | _aIncluye bibliografía (páginas 49 y 50) | ||
| 650 | 4 |
_aIncendios forestales _vPrograma _xPrevención _928701 |
|
| 650 | 4 |
_aIncendios forestales _vPrograma _xControl _928702 |
|
| 650 | 4 |
_aRestauración _vPrograma _xZona afectada _928703 |
|
| 942 |
_cLIBRO _2ddc _01 |
||
| 999 |
_c5374 _d5374 |
||